[Event "2nd TCCL Friendly Server Tournament, 2ndTCCL"]
[Site "CCLA"]
[Date "2014.06.15"]
[Round "?"]
[White "Sherry, Katie P."]
[Black "Lines, Daniel"]
[Result "0-1"]
[WhiteElo "1301"]
[BlackElo "1589"]

1. c3 d5 2. e3 e5 3. Qa4+ Nd7 4. b3 Nf6 5. Ba3 Bxa3 6. Qxa3 Qe7 7. Qxe7+ 
Kxe7 8. Na3 c6 9. c4 dxc4 10. bxc4 Re8 11. Bd3 Nc5 12. Ke2 Nxd3 13. Kxd3 
Bf5+ 14. Ke2 Rad8 15. Nf3 Bg4 16. h3 Bxf3+ 17. Kxf3 Rxd2 18. g4 Red8 19. 
g5 Nd7 20. h4 g6 21. Rhb1 b6 22. Rb4 a5 23. Rb3 e4+ 24. Kg2 Rd3 25. Rxd3 
exd3 26. f4 Nc5 27. Rb1 Rb8 28. Kf1 Rd8 29. Re1 Ne4 30. h5 d2 31. Rd1 Nc3 
32. Nb1 Nxd1 33. hxg6 hxg6 34. Ke2 Nxe3 35. Nxd2 Rxd2+ 36. Kxd2 Nxc4+ 37. 
Kd3 Nd6 38. a3 Nf5 39. Ke4 Ke6 40. a4 f6 41. gxf6 Kxf6 42. Kf3 Ke6 43. Ke4
Ng3+ 44. Kf3 Nf1 45. Ke4 Nd2+ 46. Ke3 Nc4+ 47. Kd3 Nb2+ 48. Ke4 Nxa4 0-1

[Event "Regular Quad, S40219"]
[Site "CCLA"]
[Date "2014.07.07"]
[Round "?"]
[White "Strelecky, Rich"]
[Black "Stroup, Jim"]
[Result "0-1"]
[WhiteElo "1584"]
[BlackElo "1768"]

1. e3 d5 2. b3 e5 3. d4 Bd6 4. c4 exd4 5. Qxd4 Nc6 6. Qd2 Bb4 7. Nc3 Nf6 
8. Bd3 O-O 9. h3 d4 10. exd4 Re8+ 11. Nge2 Nxd4 12. Kf1 Nxe2 13. Bxe2 Qe7 
14. Qe3 Bxc3 15. Qxc3 Qxe2+ 16. Kg1 Qxf2+ 17. Kh2 b6 18. Rg1 Bb7 19. Bg5 
Ne4 20. Qe3 Qxe3 21. Bxe3 c5 22. Rgd1 Rad8 23. Rxd8 Rxd8 24. g4 Rd3 25. 
Bf4 g5 26. Bb8 Rd2+ 27. Kg1 Nc3 28. Bxa7 Rg2+ 29. Kf1 Nxa2 30. Bxb6 Nc3 
31. Bxc5 Rb2 32. b4 f6 33. b5 Bg2+ 34. Kg1 Bxh3 35. Ra8+ Kf7 36. Ra7+ Kg6 
37. Ra3 Ne2+ 38. Kf2 Bxg4 39. Ke3 h5 40. Ra6 h4 41. Be7 Nf4 42. Rxf6+ Kg7 
43. Rxf4 gxf4+ 44. Kxf4 h3 45. Bd6 h2 46. Be5+ Kg6 47. Bxb2 Be2 48. Ke3 
Bxc4 0-1

[Event "Regular Quad, S40449"]
[Site "CCLA"]
[Date "2014.12.19"]
[Round "?"]
[White "Strelecky, Rich"]
[Black "Klimushyn, Charles"]
[Result "1-0"]
[WhiteElo "1584"]
[BlackElo "1648"]

1. e3 g6 2. d4 Bg7 3. Nd2 d6 4. c3 a6 5. h3 Nd7 6. Bd3 b5 7. Be4 Rb8 8. 
Ngf3 Ngf6 9. O-O Bb7 10. Bxb7 Rxb7 11. Re1 O-O 12. e4 c5 13. e5 dxe5 14. 
dxe5 Nd5 15. e6 N7b6 16. Ne5 fxe6 17. Nxg6 hxg6 18. Rxe6 Rf6 19. Re1 Qf8 
20. Ne4 Rf5 21. Qc2 e5 22. Bg5 Nf6 23. Bxf6 Bxf6 24. Ng3 Rg5 25. Ne4 Rh5 
26. Nxc5 Rg7 27. Ne6 Qf7 28. Nxg7 Qxg7 29. Qd3 Be7 30. Qe3 Nd5 31. Qe2 Bf6
32. a4 Nf4 33. Qf1 g5 34. axb5 axb5 35. Qxb5 g4 36. Qb8+ Qf8 37. Qxf8+ 
Kxf8 38. Ra8+ Kg7 39. hxg4 Rh4 40. f3 1-0

[Event "Regular Quad, S40399"]
[Site "CCLA"]
[Date "2014.11.24"]
[Round "?"]
[White "Berger, Byron"]
[Black "Acosta, Errol"]
[Result "1-0"]
[WhiteElo "1516"]
[BlackElo "1365"]

1. Nc3 f5 2. e4 e6 3. exf5 Nf6 4. fxe6 dxe6 5. d4 Bb4 6. Bg5 O-O 7. Nf3 
Qe8 8. Bd3 Nc6 9. O-O b6 10. Qd2 Bb7 11. a3 Bd6 12. Nb5 Nd8 13. Bf4 Bxf3 
14. gxf3 Bxf4 15. Qxf4 Nd5 16. Qe4 Qh5 17. Qg4 Qh6 18. c4 Nf4 19. Rad1 
Nxd3 20. Rxd3 Rf4 21. Qg3 Nf7 22. Nxc7 Rf6 23. Nxa8 Rg6 24. Nc7 Rxg3+ 25. 
fxg3 Qg6 26. Re3 Ng5 27. f4 Qf7 28. fxg5 Qxc7 29. Rxe6 Qd7 30. d5 g6 31. 
Rfe1 Kf7 32. Re7+ Qxe7 33. Rxe7+ Kxe7 34. Kf2 Kd6 35. Ke3 a5 36. b4 Ke5 
37. g4 a4 38. h4 b5 39. Kd3 Kd6 40. Kd4 bxc4 41. Kxc4 Kd7 42. Kc5 Kc7 43. 
Kb5 1-0

[Event "Herbert W Gustafson Memorial, S47129"]
[Site "CCLA"]
[Date "2014.10.27"]
[Round "?"]
[White "Berger, Byron"]
[Black "Miller, Allan A."]
[Result "0-1"]
[WhiteElo "1516"]
[BlackElo "1563"]

1. Nc3 d5 2. e4 d4 3. Nce2 e5 4. Ng3 Nf6 5. Bc4 Nc6 6. Nf3 Na5 7. Be2 Qd6 
8. d3 h6 9. Bd2 Nc6 10. c3 Be7 11. Nf5 Bxf5 12. exf5 O-O 13. cxd4 exd4 14.
 Qb3 Nd5 15. a3 Rfe8 16. O-O Nf4 17. Bxf4 Qxf4 18. Qxb7 Ne5 19. Nxe5 Qxe5 
20. Qe4 Qb5 21. Rab1 Bxa3 22. bxa3 Rxe4 23. Rxb5 Rxe2 24. Rd1 Rae8 25. Kf1
Ra2 26. Ra5 Ree2 27. Rxa7 Rxf2+ 0-1

[Event "Regular Quad, S40379"]
[Site "CCLA"]
[Date "2014.11.10"]
[Round "?"]
[White "Berger, Byron"]
[Black "Miller, Allan A."]
[Result "0-1"]
[WhiteElo "1516"]
[BlackElo "1563"]

1. Nc3 d5 2. e4 d4 3. Nce2 e5 4. Ng3 c5 5. Nf3 Nc6 6. Bb5 Qc7 7. c3 Nf6 8.
 O-O a6 9. Bxc6+ bxc6 10. d3 Bd6 11. Nh4 g6 12. Bg5 Be7 13. f4 h6 14. Bxf6
Bxf6 15. Nf3 exf4 16. Ne2 g5 17. g3 Bh3 18. Rf2 g4 19. Nxf4 dxc3 20. bxc3 
gxf3 21. Nxh3 Bxc3 22. Rxf3 Bxa1 23. Qxa1 O-O-O 24. Qg7 Rdg8 25. Qxf7 Rf8 
26. Qxc7+ Kxc7 27. Nf4 Kd6 28. Kg2 Rhg8 29. Rf1 Rb8 30. Ra1 Rb2+ 31. Kh3 
Rgb8 0-1

[Event "Herbert W Gustafson Memorial, S47129"]
[Site "CCLA"]
[Date "2014.10.27"]
[Round "?"]
[White "Berger, Byron"]
[Black "Strelecky, Rich"]
[Result "1-0"]
[WhiteElo "1516"]
[BlackElo "1584"]

1. Nc3 d5 2. e4 d4 3. Nce2 e5 4. Ng3 Be6 5. Nf3 Nc6 6. Bb5 Bd6 7. c3 d3 8.
 O-O Nf6 9. Bxd3 a6 10. a4 Qd7 11. Bc2 Ne7 12. d4 Bg4 13. dxe5 Bxe5 14. 
Nxe5 Bxd1 15. Nxd7 Bxc2 16. Nxf6+ gxf6 17. f3 O-O-O 18. Be3 Kb8 19. Rfc1 
Bd3 20. Bd4 Ng8 21. Rd1 Bc4 22. Rd2 Re8 23. Rad1 Bb3 24. Ra1 h5 25. Ra3 
Be6 26. Ra1 h4 27. Ne2 h3 28. g3 Rh6 29. Rad1 Bb3 30. Ra1 Ne7 31. Ra3 Be6 
32. b4 f5 33. exf5 Nxf5 34. Nf4 Nxd4 35. Rxd4 Bf5 36. Kf2 f6 37. Ra2 b6 
38. Rad2 Kb7 39. Re2 Rxe2+ 40. Kxe2 Bc2 41. a5 b5 42. Rd7 Kc6 43. Rf7 Bb3 
44. Rf8 Bc4+ 45. Ke3 Bb3 46. Ke4 Bc2+ 47. Kd4 Bd1 48. Nd5 Bxf3 49. Rxf6+ 
Rxf6 50. Nxf6 Kd6 51. Ne4+ Bxe4 52. Kxe4 c5 53. Kf5 cxb4 54. cxb4 1-0

[Event "Continuous Server Series, S40019"]
[Site "CCLA"]
[Date "2014.01.20"]
[Round "?"]
[White "Strelecky, Rich"]
[Black "Gunning, Edward E."]
[Result "1-0"]
[WhiteElo "1584"]
[BlackElo "1350"]

1. Nc3 d5 2. e4 e5 3. Nxd5 Nf6 4. Nc3 Bc5 5. Nf3 Ng4 6. d4 Bxd4 7. Nxd4 
exd4 8. Nd5 Nc6 9. Bf4 Nge5 10. Bxe5 Nxe5 11. Qxd4 f6 12. Be2 c6 13. f4 
Ng6 14. Qa4 a6 15. f5 Ne5 16. Ne3 O-O 17. O-O Qd2 18. Qb3+ Kh8 19. Bh5 b5 
20. Rad1 Qa5 21. Qa3 Qxa3 22. bxa3 Rb8 23. Rf4 Bb7 24. Be2 g5 25. Rf2 Rbd8
26. c3 Rxd1+ 27. Bxd1 Rd8 28. Bb3 Nc4 29. Bxc4 bxc4 30. Rb2 Rd3 31. Nxc4 
Rxc3 32. Nd6 Ba8 33. Rb8+ Kg7 34. Rxa8 Rxa3 35. Ra7+ Kg8 36. Ne8 Rxa2 37. 
Nxf6+ Kf8 38. Nxh7+ Ke8 39. f6 Ra1+ 40. Kf2 Ra2+ 41. Kg3 g4 42. f7+ 1-0

[Event "Regular Quad, S40449"]
[Site "CCLA"]
[Date "2014.12.19"]
[Round "?"]
[White "Berger, Byron"]
[Black "Strelecky, Rich"]
[Result "1/2-1/2"]
[WhiteElo "1516"]
[BlackElo "1584"]

1. Nc3 d5 2. e4 d4 3. Nce2 e5 4. Ng3 Be6 5. Nf3 Bg4 6. Bc4 Nc6 7. O-O Be7 
8. d3 h6 9. h3 Bxf3 10. Qxf3 Nf6 11. Nf5 Kf8 12. Qg3 Ne8 13. Nxh6 gxh6 14.
 f4 Bf6 15. Bxf7 exf4 16. Qxf4 Kxf7 17. e5 Nxe5 18. Qxe5 Kg7 19. Qg3+ Kh7 
20. Qf4 Kg7 21. Qg3+ Kh7 22. Qf4 1/2-1/2

[Event "Herbert W. Gustafson Memorial Open, S47099"]
[Site "CCLA"]
[Date "2014.10.27"]
[Round "?"]
[White "Evans, Stanley W."]
[Black "Parenteau, Mike"]
[Result "1-0"]
[WhiteElo "1787"]
[BlackElo "1651"]

1. e4 d5 2. Nc3 dxe4 3. Nxe4 Nd7 4. Bc4 Ngf6 5. d3 e6 6. Nf3 Be7 7. O-O 
O-O 8. Qe2 a6 9. a3 Nb6 10. Bb3 Nxe4 11. dxe4 Bd7 12. Rd1 Qe8 13. Bf4 Rc8 
14. Rd2 Bc6 15. Rad1 Bf6 16. Ne5 Bxe5 17. Bxe5 Nd7 18. Bc3 Bb5 19. Qg4 f6 
20. Bxe6+ 1-0

[Event "Continuous Server Series, S40019"]
[Site "CCLA"]
[Date "2014.01.20"]
[Round "?"]
[White "Strelecky, Rich"]
[Black "Wolff, Nicholas"]
[Result "1-0"]
[WhiteElo "1584"]
[BlackElo "1568"]

1. Nc3 d5 2. Nf3 Bf5 3. Nd4 Bg6 4. g3 c5 5. Nf3 Nc6 6. Nh4 Nf6 7. Nxg6 
hxg6 8. Bg2 e6 9. d3 Qd7 10. Bg5 Be7 11. Qd2 O-O-O 12. h3 a6 13. Na4 Qc7 
14. Bf4 e5 15. Bg5 b5 16. Nc3 d4 17. Ne4 Nxe4 18. Bxe4 Bxg5 19. Qxg5 f5 
20. Bg2 Nb4 21. Qd2 Qa5 22. O-O Qc7 23. a3 Nc6 24. b4 Ne7 25. c4 Rd6 26. 
Rfc1 Kd7 27. cxb5 axb5 28. Rxc5 1-0

[Event "Herbert W. Gustafson Memorial , S47179"]
[Site "CCLA"]
[Date "2014.10.27"]
[Round "?"]
[White "Sherry, Katie P."]
[Black "Lyons, Anthony W."]
[Result "1/2-1/2"]
[WhiteElo "1301"]
[BlackElo "1287"]

1. g4 e5 2. d3 d5 3. f3 Bc5 4. Nh3 Nc6 5. Bg5 Be7 6. Qd2 Bxg5 7. Nxg5 h6 
8. Nh3 h5 9. Qg5 Qxg5 10. Kf2 hxg4 11. Nxg5 f6 12. fxg4 fxg5 13. Nc3 Nge7 
14. Bg2 Bxg4 15. h3 Be6 16. a4 O-O-O 1/2-1/2

[Event "Continuous Server Series, S40049"]
[Site "CCLA"]
[Date "2014.02.07"]
[Round "?"]
[White "Strelecky, Rich"]
[Black "Gunning, Edward E."]
[Result "1-0"]
[WhiteElo "1584"]
[BlackElo "1350"]

1. g4 e5 2. d3 d5 3. Nf3 Bd6 4. h3 Nc6 5. Bg2 f6 6. Bd2 d4 7. O-O g5 8. e3
Nge7 9. exd4 Nxd4 10. c3 Nxf3+ 11. Bxf3 Be6 12. c4 O-O 13. Qb3 c6 14. Nc3 
Qb6 15. Ne4 Rad8 16. Qc2 Bc5 17. Nxc5 Qxc5 18. Be3 Qa5 19. Bd2 Qa6 20. Bb4
Rf7 21. Rfe1 Ng6 22. Re3 Nf4 23. Bg2 b5 24. b3 h6 25. Be4 f5 26. gxf5 Bxf5
27. Bxf5 Rxf5 28. Bc3 Re8 29. d4 Qc8 30. dxe5 Rf7 31. e6 Rxe6 32. Rae1 
Rxe3 33. Rxe3 Nxh3+ 34. Rxh3 Qxh3 35. Qg6+ Kf8 36. Bb4+ Ke8 37. Qg8+ Kd7 
38. Qxf7+ Kc8 39. Qg8+ Kb7 40. Qh7+ Kb6 41. Qe4 a6 42. Qd4+ Kb7 43. Ba5 
Qc8 44. Qb6+ Ka8 45. Qd8 Qxd8 46. Bxd8 Kb8 47. f3 Kc8 48. Bf6 Kd7 49. c5 
Ke6 50. Bd4 Kf5 51. Bc3 h5 52. Kg2 h4 53. Kh3 Kf4 54. Bd2+ Kf5 55. b4 Ke5 
56. Bxg5 Kf5 57. f4 Ke4 58. Kxh4 1-0

[Event "3rd TCCL Friendly Server Tournament, 3rdTCCL"]
[Site "CCLA"]
[Date "2014.07.10"]
[Round "?"]
[White "Latta, David A."]
[Black "Caliguire, John J."]
[Result "0-1"]
[WhiteElo "1350"]
[BlackElo "2233"]

1. g4 d5 2. h3 e5 3. Bg2 h5 4. f3 hxg4 5. fxg4 Qh4+ 6. Kf1 Qf6+ 7. Nf3 e4 
8. g5 Qf5 9. Kg1 exf3 10. Bxf3 Qxg5+ 11. Kf2 Rxh3 12. Bg2 Qg3+ 13. Kf1 
Rxh1+ 14. Bxh1 Bh3+ 15. Bg2 Qxg2+ 16. Ke1 Qf1# 0-1

[Event " Herbert W. Gustafson Memorial Open, S47109"]
[Site "CCLA"]
[Date "2014.10.27"]
[Round "?"]
[White "Smith, Jason A."]
[Black "Zarges, Ron V."]
[Result "1-0"]
[WhiteElo "1717"]
[BlackElo "1651"]

1. g3 d5 2. Bg2 e5 3. b3 Nf6 4. Bb2 Nc6 5. e3 Be6 6. Ne2 Qd7 7. O-O Bh3 8.
 d3 Bd6 9. Nd2 O-O-O 10. c4 Nb4 11. d4 Nd3 12. Qc2 Nxb2 13. Qxb2 Bxg2 14. 
Kxg2 Bb4 15. dxe5 Ng4 16. Nf3 Rhe8 17. cxd5 Qxd5 18. Rad1 Qc6 19. Rxd8+ 
Rxd8 20. Rc1 Qd5 21. Qc2 Ba5 22. Qf5+ Qe6 23. Qxe6+ fxe6 24. Nf4 1-0

[Event " Herbert W. Gustafson Memorial Open, S47109"]
[Site "CCLA"]
[Date "2014.10.27"]
[Round "?"]
[White "Smith, Jason A."]
[Black "Gomolka, Ed P."]
[Result "1-0"]
[WhiteElo "1717"]
[BlackElo "1643"]

1. g3 e5 2. Bg2 d5 3. b3 Nc6 4. Bb2 Nf6 5. e3 Bf5 6. Ne2 g6 7. O-O Qd7 8. 
f4 e4 9. Bxf6 Rg8 10. Nd4 Bg4 11. Qe1 Bg7 12. Bxg7 Rxg7 13. Nxc6 Qxc6 14. 
d3 O-O-O 15. Qc3 Qxc3 16. Nxc3 exd3 17. cxd3 c6 18. d4 Be6 19. b4 f5 20. 
Na4 b6 21. Rac1 Rc7 22. Rc2 Kb8 23. Rfc1 Rdc8 24. Bf1 Kb7 25. Nb2 a6 26. 
a4 Bd7 27. Nd3 Be8 28. Ne5 h5 29. Bg2 b5 30. axb5 cxb5 31. Rxc7+ Rxc7 32. 
Bxd5+ Kb6 33. Rxc7 Kxc7 34. Kf2 Kb6 35. Bf7 Bxf7 36. Nxf7 Kc6 37. Ke2 Kd5 
38. Kd3 Ke6 39. Ne5 Kf6 40. Nd7+ Ke6 41. Nc5+ 1-0

[Event " Herbert W. Gustafson Memorial Open, S47109"]
[Site "CCLA"]
[Date "2014.10.27"]
[Round "?"]
[White "Smith, Jason A."]
[Black "Hadley, Douglas R."]
[Result "1-0"]
[WhiteElo "1717"]
[BlackElo "1576"]

1. g3 e5 2. Bg2 d5 3. b3 Nc6 4. Bb2 Nf6 5. e3 Be7 6. Ne2 O-O 7. O-O Bf5 8.
 d3 Qd7 9. Nd2 Rfe8 10. e4 dxe4 11. Nxe4 Nxe4 12. dxe4 Bg4 13. Qxd7 Bxd7 
14. Rad1 Rad8 15. Nc3 Nb4 16. Nd5 Nxd5 17. Rxd5 Bd6 18. Rfd1 Bc6 19. R5d2 
f6 20. Ba3 Re6 21. Bh3 f5 22. Bxd6 Rexd6 23. Rxd6 Rxd6 24. Rxd6 cxd6 25. 
Bxf5 b6 26. Be6+ Kf8 27. Bd5 Bd7 28. f4 exf4 29. gxf4 Ke7 30. e5 dxe5 31. 
fxe5 g5 32. Kf2 h5 33. c4 Bf5 34. Ke3 Kd7 35. b4 h4 36. c5 bxc5 37. bxc5 
Ke7 38. c6 Bc8 39. Ke4 Bh3 40. e6 Bxe6 41. Bxe6 Kxe6 42. c7 Kd7 43. Kf5 
Kxc7 44. Kxg5 h3 45. Kg4 Kd6 46. Kxh3 Ke5 47. Kg4 Kf6 48. a4 a5 49. Kf4 
Kg6 50. Ke5 Kg5 51. Kd5 Kg4 52. Kc5 Kh3 53. Kb5 1-0

[Event "2014 Server Championship, S40029"]
[Site "CCLA"]
[Date "2014.01.27"]
[Round "?"]
[White "Owens, Johnny"]
[Black "Anderson, Aaron J."]
[Result "1/2-1/2"]
[WhiteElo "2150"]
[BlackElo "2308"]

1. b3 d5 2. Bb2 Nf6 3. e3 Bf5 4. Nf3 e6 5. Nc3 Nbd7 6. Nh4 Bg6 7. Be2 c6 
8. a4 Bd6 9. h3 Qc7 10. O-O O-O 11. Nxg6 hxg6 12. d3 Rfe8 13. Nb1 e5 14. 
Nd2 Rad8 15. Rc1 Nf8 16. c3 Ne6 17. Qc2 d4 18. e4 Bc5 19. Nf3 Nh5 20. cxd4
Nxd4 21. Nxd4 Bxd4 22. Bxd4 Rxd4 23. g3 Nf6 24. Qc5 Qb6 25. Qxb6 axb6 26. 
Rc4 Rxc4 27. bxc4 Ra8 28. Rb1 Nd7 29. Bd1 g5 30. Kg2 g6 31. Kf3 Kg7 32. 
Ke3 f5 33. exf5 gxf5 34. d4 exd4+ 1/2-1/2

[Event "2014 Server Championship, S40029"]
[Site "CCLA"]
[Date "2014.01.27"]
[Round "?"]
[White "Owens, Johnny"]
[Black "Lewis, James W."]
[Result "1-0"]
[WhiteElo "2150"]
[BlackElo "2098"]

1. b3 c5 2. Bb2 Nc6 3. e3 e5 4. Nf3 e4 5. Ne5 d5 6. Bb5 a6 7. Nxc6 Qg5 8. 
Qe2 Bd7 9. f4 exf3 10. Qxf3 axb5 11. Ne5 Be6 12. O-O Nh6 13. Qe2 c4 14. 
Nf3 Qh5 15. Nc3 Ra5 16. Qe1 Bd6 17. a4 bxa4 18. Ba3 Bb8 19. bxc4 dxc4 20. 
Rb1 b5 21. d4 cxd3 22. cxd3 b4 23. Rxb4 O-O 24. Rh4 Qg6 25. Bxf8 1-0

[Event "2014 Server Championship, S40029"]
[Site "CCLA"]
[Date "2014.01.27"]
[Round "?"]
[White "Owens, Johnny"]
[Black "Edwards, K. E. D. G."]
[Result "0-1"]
[WhiteElo "2150"]
[BlackElo "2319"]

1. b3 e5 2. Bb2 Nc6 3. e3 d5 4. Nf3 e4 5. Nd4 Nxd4 6. Bxd4 Bf5 7. Nc3 c6 
8. Be2 f6 9. Na4 Bd6 10. Bh5+ Bg6 11. O-O Nh6 12. Bxg6+ hxg6 13. h3 Nf5 
14. d3 Nh4 15. dxe4 dxe4 16. f4 exf3 17. Rxf3 Nxf3+ 18. Qxf3 Qe7 19. Nb2 
Bc7 20. Nd3 O-O-O 21. a4 Kb8 22. Bc5 Bd6 23. Bxd6+ Qxd6 24. Re1 Rhe8 25. 
e4 g5 26. e5 Qd4+ 27. Kh2 g4 28. Qxg4 Qxg4 29. hxg4 fxe5 30. Re4 Kc7 31. 
Kg3 b5 32. Kf3 Rd4 33. Nc5 bxa4 34. Re1 axb3 35. cxb3 Kd6 36. Rc1 e4+ 37. 
Ke2 Rb4 38. Kf1 Rb5 39. Na4 Rxb3 40. Ke1 Rg3 41. Kf2 Rxg4 42. Rd1+ Kc7 43.
 Ke3 Rxg2 44. Nc5 Rc2 45. Na4 Rc4 46. Nb2 Rb4 0-1

[Event "Premier Quad, S40229"]
[Site "CCLA"]
[Date "2014.07.21"]
[Round "?"]
[White "Delgado, Emilio Salvador"]
[Black "Silverman, Robert"]
[Result "0-1"]
[WhiteElo "1637"]
[BlackElo "1871"]

1. b3 e5 2. Bb2 Nc6 3. e3 Nf6 4. Bb5 Bd6 5. Na3 Na5 6. Nc4 Nxc4 7. Bxc4 
O-O 8. Nf3 Re8 9. O-O c6 10. h3 Bc7 0-1

[Event "Premier Quad, S40229"]
[Site "CCLA"]
[Date "2014.07.21"]
[Round "?"]
[White "Delgado, Emilio Salvador"]
[Black "Richardson, Ryan M."]
[Result "0-1"]
[WhiteElo "1637"]
[BlackElo "1689"]

1. b3 e5 2. Bb2 Nc6 3. e3 Nf6 4. Bb5 Bd6 5. Na3 Na5 6. Nc4 Nxc4 7. Bxc4 
O-O 8. Nf3 e4 9. Nd4 c6 10. O-O Bc7 11. f3 exf3 12. Qxf3 d5 13. Bd3 Ng4 
14. h3 Ne5 0-1

[Event "2014 Server Championship, S40029"]
[Site "CCLA"]
[Date "2014.01.27"]
[Round "?"]
[White "Owens, Johnny"]
[Black "Galvin, John H."]
[Result "1/2-1/2"]
[WhiteElo "2150"]
[BlackElo "2191"]

1. b3 e5 2. Bb2 Nc6 3. e3 Nf6 4. Nf3 e4 5. Nd4 Nxd4 6. Bxd4 Be7 7. c4 O-O 
8. Qc2 c6 9. Nc3 d5 10. Be2 Bf5 11. cxd5 cxd5 12. Qb2 a6 13. O-O Rc8 14. 
Rfc1 Bd6 15. a3 Ng4 16. g3 Bb8 17. b4 Nxh2 18. Nxd5 Qxd5 19. Kxh2 f6 20. 
Rc5 Rxc5 21. bxc5 Bd7 22. Qa2 Be6 23. Qxd5 Bxd5 24. d3 Kf7 25. dxe4 Bxe4 
26. Bf1 Bc7 27. Bg2 Bc6 28. Bxc6 bxc6 29. Kg2 Rb8 30. Kf3 Kg6 31. g4 Rb3 
1/2-1/2

[Event "Herbert W. Gustafson Memorial, S47149"]
[Site "CCLA"]
[Date "2014.10.27"]
[Round "?"]
[White "Klapczynski, Lukasz"]
[Black "Luna, Joseph"]
[Result "0-1"]
[WhiteElo "1363"]
[BlackElo "1510"]

1. b3 e5 2. Bb2 Nc6 3. e4 Nf6 4. Nf3 d6 5. d4 Bg4 6. d5 Ne7 7. Bd3 c6 8. 
a4 cxd5 9. exd5 Nfxd5 10. O-O Nf4 11. Nbd2 Nc6 12. Bc3 Be7 13. Qe1 Qd7 14.
 b4 Bxf3 15. Nxf3 Qg4 16. g3 Nxd3 17. cxd3 Qxf3 18. b5 Nd8 19. d4 exd4 20.
 Bxd4 Ne6 21. Bc3 Rc8 22. Rc1 Bg5 23. Rc2 Bf6 24. Qe2 Qxe2 25. Rxe2 Bxc3 
26. Re4 d5 27. Ree1 Bxe1 28. Rxe1 O-O 29. f4 Nd4 30. Kg2 Rc2+ 31. Kh3 Nf3 
32. Kg4 Nxe1 33. a5 d4 34. a6 d3 0-1

[Event "2nd TCCL Friendly Server Tournament, 2ndTCCL"]
[Site "CCLA"]
[Date "2014.06.15"]
[Round "?"]
[White "Sherry, Katie P."]
[Black "Lyons, Anthony W."]
[Result "1/2-1/2"]
[WhiteElo "1301"]
[BlackElo "1287"]

1. b3 e5 2. Nc3 d5 3. e4 d4 4. Na4 Nf6 5. Bc4 Be7 6. Qf3 O-O 7. h4 Bd7 8. 
d3 Bxa4 9. bxa4 Nbd7 10. Bg5 h6 11. Bxf6 Bxf6 12. Qd1 Bxh4 13. Nf3 Bg5 14.
 Rb1 Nb6 15. Nxe5 Nxc4 16. Nxc4 Qf6 17. e5 Qc6 18. Qg4 Qe6 19. Qxd4 Rfd8 
20. Qe4 f5 21. Qe2 c6 22. f3 Bf4 23. Rh4 g5 24. Rh3 g4 25. fxg4 Rab8 26. 
gxf5 Qxf5 27. Qe4 Qxe4+ 28. dxe4 Rd4 29. Rb4 a5 30. Rbb3 Rxc4 31. e6 Rxe4+
32. Kf2 Rxe6 33. g3 Bg5 34. c4 Rf8+ 35. Kg1 Re7 36. Rd3 Rfe8 37. Kf2 Re2+ 
38. Kf1 Re1+ 39. Kf2 R8e2+ 40. Kf3 Re3+ 41. Rxe3 Rxe3+ 42. Kf2 Ra3 43. Ke2
Rxa2+ 44. Kd3 Rxa4 45. Kd4 b5 46. g4 Rxc4+ 47. Kd3 Rf4 48. Rg3 a4 49. Ke3 
1/2-1/2

[Event "Regular Quad, S40329"]
[Site "CCLA"]
[Date "2014.09.26"]
[Round "?"]
[White "McLaughlin, Ed"]
[Black "Acosta, Errol"]
[Result "1-0"]
[WhiteElo "1561"]
[BlackElo "1365"]

1. f4 e6 2. Nf3 Nf6 3. Nc3 g6 4. e4 Bg7 5. d4 O-O 6. h3 Nc6 7. Be3 d6 8. 
a3 a6 9. Bc4 b5 10. Ba2 Bb7 11. O-O Ne7 12. e5 Ne4 13. Nxe4 Bxe4 14. Ng5 
Bb7 15. Bxe6 fxe6 16. Nxe6 Qd7 17. Nxf8 Rxf8 18. c3 Nd5 19. Bd2 dxe5 20. 
fxe5 Ne7 21. Rxf8+ Bxf8 22. Qc2 Nf5 23. Bf4 Qd5 24. Qf2 Nh4 25. Kh2 Nxg2 
26. Bg5 Bd6 27. Bh6 Bxe5+ 28. dxe5 Qxe5+ 29. Kg1 Qe7 30. Rf1 1-0

[Event "2nd TCCL Friendly Server Tournament, 2ndTCCL"]
[Site "CCLA"]
[Date "2014.06.15"]
[Round "?"]
[White "Caliguire, John J."]
[Black "Buganza, Nathan J."]
[Result "1-0"]
[WhiteElo "2233"]
[BlackElo "1427"]

1. f4 d5 2. Nf3 Nc6 3. e3 e6 4. b3 Nf6 5. Bb2 Be7 6. Be2 O-O 7. O-O b6 8. 
c4 Bb7 9. cxd5 exd5 10. d4 Ne4 11. Nbd2 Nxd2 12. Qxd2 Bb4 13. Qc2 Re8 14. 
Ng5 g6 15. Bb5 h6 16. Nf3 Rxe3 17. Bxc6 Bxc6 18. Qxc6 Bd6 19. Ne5 Bxe5 20.
 fxe5 Qe8 21. Qxd5 Qd8 22. Qxf7+ Kh8 23. Rac1 Qg8 24. Rxc7 Qxf7 25. Rfxf7 
Kg8 26. Rg7+ Kf8 27. Ba3+ 1-0

[Event "Herbert W. Gustafson Memorial, S47159"]
[Site "CCLA"]
[Date "2014.10.27"]
[Round "?"]
[White "Latta, Richard W."]
[Black "Cangelosi, Dominic"]
[Result "0-1"]
[WhiteElo "1396"]
[BlackElo "1415"]

1. f4 d5 2. Nf3 c5 3. Nc3 Nf6 4. d4 Nc6 5. dxc5 e6 6. Na4 Qa5+ 7. c3 Bxc5 
8. Bd2 Ne4 9. e3 Nxd2 10. Nxd2 Bxe3 11. b4 Bxd2+ 12. Kxd2 Qc7 13. Qg4 f5 
14. Qg5 Qf7 15. Be2 O-O 16. h4 h6 17. Qg3 a5 18. b5 Na7 19. c4 dxc4 20. 
Bxc4 Bd7 21. Nb6 Rad8 22. a4 Bxb5+ 23. Kc3 Qc7 24. Qe3 Bxc4 25. Nxc4 b5 
26. axb5 Nxb5+ 27. Kb3 Nd4+ 28. Kc3 Rd6 29. Rhd1 Nb5+ 30. Kb3 Rb8 31. Rdc1
Nd4+ 32. Kc3 Rb3+ 33. Kd2 Nc2+ 34. Nxd6 Qxd6+ 35. Kxc2 Rxe3 36. Ra2 Qd3+ 
37. Kb2 Qd4+ 38. Kb1 Rb3+ 39. Kc2 Qd3# 0-1

[Event "Winter Server Series, S40021"]
[Site "CCLA"]
[Date "2014.01.27"]
[Round "?"]
[White "Shannon, Paul D."]
[Black "Capuzzi, Gabriele"]
[Result "0-1"]
[WhiteElo "1832"]
[BlackElo "1775"]

1. f4 d5 2. Nf3 Nf6 3. e3 Bg4 4. d4 Bxf3 5. Qxf3 Ne4 6. Nd2 f5 7. Nxe4 
dxe4 8. Qf2 c6 9. Be2 Nd7 10. Bd2 e6 11. O-O Qc7 12. Bc4 Qd6 13. a3 O-O-O 
14. Bb4 c5 15. dxc5 Qc6 16. Rad1 Bxc5 17. Bxc5 Nxc5 18. Qe2 Kb8 19. Ba2 
Qb6 20. Rxd8+ Rxd8 21. Rd1 Rc8 22. c3 Nd3 23. Rb1 Nxf4 24. Qf2 Nd3 25. 
Qg3+ Ka8 26. Kh1 g6 27. h3 e5 28. c4 f4 29. exf4 exf4 30. Qh4 h5 31. Qe7 
Qe3 32. Qd7 Nf2+ 33. Kh2 Qg3+ 34. Kg1 Rb8 35. Rf1 e3 0-1

[Event "Winter Server Series, S40021"]
[Site "CCLA"]
[Date "2014.01.27"]
[Round "?"]
[White "Shannon, Paul D."]
[Black "Disque, Philip"]
[Result "1/2-1/2"]
[WhiteElo "1832"]
[BlackElo "1669"]

1. f4 g6 2. Nf3 d5 3. e3 Bg7 4. d4 Nh6 5. Bd3 Bf5 6. Be2 O-O 7. O-O Nd7 8.
 c3 f6 9. Qb3 Nb6 10. Nbd2 Qd7 11. e4 Be6 12. e5 Ng4 13. Re1 fxe5 14. fxe5
c6 15. Nf1 Nc4 16. Bd3 b5 17. Qc2 Bf5 18. b3 Nb6 19. Ng3 e6 20. Nxf5 gxf5 
21. Ba3 Rfe8 22. h3 Nh6 23. g4 Bf8 24. Bxf8 Rxf8 25. gxf5 Nxf5 26. Bxf5 
Rxf5 27. Rf1 Kh8 28. Kh2 Raf8 29. Qe2 Qg7 30. Nd2 1/2-1/2

[Event "3rd TCCL Friendly Server Tournament, 3rdTCCL"]
[Site "CCLA"]
[Date "2014.07.10"]
[Round "?"]
[White "Latta, David A."]
[Black "Dressler, River"]
[Result "0-1"]
[WhiteElo "1350"]
[BlackElo "1293"]

1. f4 d5 2. Nf3 Nf6 3. g3 Nc6 4. Bg2 e6 5. O-O Bc5+ 6. e3 O-O 7. d4 Bb6 8.
 c3 h6 9. Ne5 Nxe5 10. dxe5 Ne4 11. Bxe4 dxe4 12. Qxd8 Rxd8 13. Nd2 Bxe3+ 
14. Kh1 Bxd2 15. Rd1 e3 16. Bxd2 e2 17. Re1 Rxd2 18. Kg2 b6 19. Kf2 Ba6 
20. Ke3 Rad8 21. b3 R8d3+ 22. Ke4 Bb7# 0-1